|
|
|
|
| LEADER |
01101cam a2200277 7i4500 |
| 001 |
0000086507 |
| 005 |
20250603090000.0 |
| 020 |
|
|
|a 9781003609865 (electronic book)
|
| 090 |
0 |
0 |
|a Q335
|b .A77 2025
|
| 245 |
0 |
0 |
|a Applications of blockchain and computational intelligence in environmental sustainability
|c edited by Hamed Taherdoost, Mohsen Saeedi and Aydin Shishegaran.
|
| 264 |
|
|
|a Boca Raton:
|b CRC Press,
|c 2025.
|
| 300 |
|
|
|a 1 online resource (xii, 178 pages):
|b text file, PDF.
|
| 336 |
|
|
|a text
|2 rdacontent
|
| 337 |
|
|
|a computer
|2 rdamedia
|
| 338 |
|
|
|a online resource
|2 rdacarrier
|
| 650 |
|
0 |
|a Artificial intelligence
|
| 650 |
|
0 |
|a Blockchains (Databases)
|
| 650 |
|
0 |
|a Sustainable development
|
| 655 |
|
0 |
|a Electronic books
|
| 700 |
1 |
|
|a Taherdoost, Hamed
|
| 700 |
1 |
|
|a Saeedi,Mohsen
|
| 700 |
1 |
|
|a Shishegaran, Aydin
|
| 856 |
4 |
2 |
|u http://library.unisel.edu.my/web/guest/mylibrary
|
| 997 |
|
|
|a Communication, Visual Art & Computing, Faculty
|b Computing, Department
|
| 998 |
|
|
|a Computer Science (Software Engineering), Degree
|
| 999 |
|
|
|a EBO0024698
|b EBOOK
|c EBOOK
|e Electronic resources
|